Season 6 of "The 100" Quiz - Statistics

General Stats
  • This quiz has been taken 173 times
  • The average score is 10 of 15
Answer Stats
Question Answer % Correct
Who are the first two people woken up from cryosleep by Jordan? Clarke and Bellamy
99%
Who helped Josephine pretend she was Clarke to gather info on nightbloods? Murphy
96%
What is the name of the city that the Wonkru enter on planet Alpha? Sanctum
95%
Which commander is influencing Maddy inside her head? Sheidheda
95%
True or false: Russell Prime is floated by Clarke on Eligius which is how he dies. False
85%
Who is the first character to enter the anomaly? Diyoza
75%
What was the name of the potential host taken by the Children of Gabriel with Octavia? Rose
75%
How many primes hijacked the spaceship of Wonkru? 4
61%
Who stabs Jordan in Sanctum? Maddy
56%
Who was the first to discover that Josephine took Clarke's body? Bellamy
55%
Sanctum was colonised by a team of 4 families from Earth. Select which of these was NOT one of those 4. Cadogan
54%
Who is affected the LEAST by the eclipse of the two suns while on the ground? Clarke
40%
What is the very last line said at the end of Season 6? "Octavia"
29%
Who is the only person who was NOT taken by the primes as a hostage on Eligius? Jordan
28%
Inside Clarke's mindpace who was the first person she created to help her stall Josephine? Maya
19%
No matching quizzes found
Score Distribution
Percent of People with Each Score
Percentile by Number Answered
Your Score History
You have not taken this quiz